Stairway to Heaven - Auf Deutsch - Statistiken

Allgemein
  • Dieses Quiz wurde 15 mal gespielt
  • Das Durchschnittsergebnis liegt bei 14 aus 42
Antwortstatistiken
Antwort % Korrekt
Weil du weiß, dass manchmal Worte zwei {Bedeutungen} haben können.
91%
Wenn sie ankommt weiß sie, wenn alle Geschäfte {geschlossen} sind,
82%
Da ist eine Frau, die ist sicher, dass alles was glitzert {Gold} ist
73%
wie alles noch zu {Gold} wird.
73%
Manchmal sind all unsere {Gedanken} falsch.
64%
Uh, Uh, und sie {kauft} eine Treppe zum Himmel.
64%
und sie {kauft} eine Treppe zum Himmel.
64%
Und sie {kauft} eine Treppe zum Himmel.
64%
Und während wir uns die {Straße} entlang schlängeln
55%
bekommt sie mit einem {Wort}, wofür sie gekommen ist.
45%
Das ist ein Gefühl, dass ich krieg, wenn ich nach {Westen} gucke
45%
Dein {Kopf} brummt und er geht nicht, falls du es nicht weißt
45%
Oh-oh-oh-oh-whoa{}
45%
Uh-Whoa{}
45%
Da ist ein {Zeichen} an der Wand, aber sie will sicher sein,
36%
In einem Baum bei dem {Bach} sitzt ein Singvogel, der singt:
36%
Liebe Dame, können Sie den {Wind} wehen hören? Und wussten sie
36%
und die {Stimmen} von denjenigen, die schauend standen.
36%
und mein {Geist} nach verlassen weint.
36%
dass eine {Treppe} auf dem flüsternden Wind liegt.
27%
In meinen Gedanken habe ich {Ringe} aus Rauch durch die Bäume gesehen
27%
Uh, bringt mich wirklich zum {wundern}.
27%
Uh, bringt mich zum {wundern}.
27%
Uh, bringt mich zum {wundern}.
27%
Uh, bringt mich zum {wundern}.
27%
Da geht eine {Dame}, die wir alle kennen,
18%
Es ist nur ein Frühjahrsputz für die {Maikönigin}
18%
Und wenn du ganz genau {zuhörst}
18%
Wenn ein Rummel in deiner {Hecke} ist, sei nicht alarmiert
18%
Der {Pfeifer} ruft dich, um sich ihm anzuschließen
9%
Ein {Fels} zu sein und nicht zu rollen.
9%
gibt es noch {Zeit}, die Straße zu wechseln, auf der du bist
9%
Ja, es gibt {zwei Wege}, die du gehen kannst, aber auf lange Sicht
9%
kommt zu dir letztlich die {Melodie}.
9%
Sind unsere {Schatten} höher als unsere Seele
9%
Und die {Wälder} werden vor Lachen widerhallen.
9%
Und es bringt mich zum {wundern}
9%
Und für die, die lange stehen, wird ein {neuer Tag} anbrechen
9%
uns dann der der {Pfeifer} zur Vernunft führt.
9%
Und es wird {geflüstert}, dass bald, wenn wir alle den Ton angeben
0%
welche {weißes Licht} strahlt und zeigen will
0%
Wenn {alle eins} sind und eins alles ist.
0%
Keine übereinstimmenden Quizze gefunden
Verteilung der Resultate
Anzahl Personen mit jedem Resultat
Perzentil nach korrekt beantworteten Fragen
Ihre Resultats-Entwicklung
Sie haben dieses Quiz noch nicht gespielt